00495 2200193 4500001002100000005001500021008004100036020002200077035001900099041000700118082000800125090001400133100002100147245004700168260003000215300002900245500000600274650002100280INLIS00000000000603320241224113219241224||||||||| | ||| |||| || |  a978-979-062-462-7 0010-1224006033 aid0 a411 a411 ARM k0 aThomas Armstrong00aKecerdasan Jamak Dalam Membaca Dan Menulis aJakartabPT. Indeksc2014 a163 hlm ,: ilus .; 23 cm a1 0aIlmu Pengetahuan